=LDR 00000nam 2200000 4500 =001 INLIS000000000004732 =005 20130612093014 =008 ***********************************Ind** =035 ##$$0010-061300000004732 =041 ##$$a Ind =082 ##$$a 2x6.2 =090 ##$$a 2x6.2, Zal s =100 ##$$a ZALLUM, Abdul Qadim =245 ##$$a Serangan Amerika untuk menghancurkan Islam / Abdul Qadim Zallum; Penerjemah, M. Alkhaththath. -- Cet.2. -- =260 ##$$a 2001 $b Bogor : Pustaka Thariqul 'Izzah =300 ##$$a 62 hlm. ; 18 cm =650 ##$$a Islam dan Politik Dunia =850 ##$$a NBPNMAT